| 000 | 01183nam a22002657a 4500 | ||
|---|---|---|---|
| 005 | 20170124103216.0 | ||
| 010 | _aB-032607 | ||
| 020 |
_c295.00 _a8170557232 |
||
| 035 | _aB-032607 | ||
| 037 | _bCen Lib/Ret | ||
| 040 |
_aDPL _bHN |
||
| 082 |
_a004.21 _bबंसल |
||
| 100 |
_aबंसल, राम _998954 |
||
| 245 |
_aकम्प्यूटरी सूचना प्रणाली विकास / _cराम बंसल |
||
| 246 |
_aComputari soochana pranali vikas / _bby Ram Bansal |
||
| 260 |
_aनयी दिल्ली _bवाणी प्रकाशन _c2000 |
||
| 270 |
_bनयी दिल्ली _a21-ए, दरियागंज _e110002 |
||
| 300 |
_axvii,284पृ. _c20सेमी(सजिल्द ) |
||
| 500 | _aअनुक्रमाणिका शामिल | ||
| 650 |
_aकंप्यूटर विज्ञान _x _z _998955 |
||
| 650 |
_aकंप्यूटर विज्ञान -- सूचना प्रणाली _996906 |
||
| 650 |
_aComputer Science _998956 |
||
| 650 |
_aComputer Science - Information Systems _998957 |
||
| 942 |
_2ddc _cHN _h004.21 _mबंसल |
||
| 999 |
_c121509 _d121509 |
||